|
|
|
|
| LEADER |
00000nkm a2200000 a 4500 |
| 001 |
vtls009314865 |
| 003 |
SK-MaSNL |
| 005 |
20260301081727.0 |
| 007 |
kf cc |
| 008 |
200701s2007 xo a kuslo |
| 015 |
|
|
|a SNBG2009/01-00206
|
| 020 |
|
|
|a 8089147801 (viaz.)
|
| 040 |
|
|
|a SNK
|b slo
|c SNK
|e AACR2
|
| 041 |
0 |
|
|a slo
|
| 044 |
|
|
|a xo
|c SK
|
| 072 |
|
7 |
|a 821-93
|x Literatúra pre deti a mládež
|2 konspekt
|
| 080 |
|
|
|a 821-93
|2 2001
|
| 080 |
|
|
|a (0.025.2)
|2 2001
|
| 100 |
1 |
|
|a Mičová, Zuzana
|4 aut
|9 275838
|
| 245 |
1 |
0 |
|a Uspávanky
|h grafika
|c text Zuzana Mičová, ; ilustrovala Marcela Walterová
|
| 250 |
|
|
|a 1. vyd.
|
| 260 |
|
|
|a Bratislava
|b Matys
|c c2007
|
| 300 |
|
|
|a [12] s.
|b ilustr.
|c 16 cm
|
| 655 |
|
7 |
|a publikácie pre deti
|2 SNKPH
|9 70148
|
| 655 |
|
7 |
|a leporelá
|2 SNKPH
|9 60414
|
| 700 |
1 |
|
|a Walterová, Marcela
|4 ill
|9 395033
|
| 919 |
|
|
|a 80-89147-80-1
|
| 958 |
|
|
|a GBN
|
| 999 |
|
|
|c 656643
|d 658573
|
| 952 |
|
|
|a SNK
|b SNK
|y PREZ
|7 0
|p 17A0595447
|o snkOSD 9184 D1
|i snk2008/14546
|8 0
|0 0
|1 0
|4 0
|d 2008-07-25
|l 0
|r 2026-02-23 18:40:38
|w 2026-02-23
|
| 952 |
|
|
|a SNK
|b SNK
|y PREZ
|7 0
|p 17A0595448
|o snkOSD 9184
|i snk2008/14544
|8 0
|z
|0 0
|1 0
|4 0
|d 2008-07-25
|l 0
|r 2026-02-23 18:40:38
|w 2026-02-23
|